[Event "Hamilton Winter op"]
[Site "Hamilton CAN"]
[Date "2011.03.27"]
[Round "5"]
[White "Plotkin, Victor"]
[Black "So, Wesley"]
[Result "0-1"]
[WhiteElo "2409"]
[BlackElo "2667"]
[PlyCount "70"]
[GameId "2160767909787297"]
[EventDate "2011.03.26"]
[EventType "swiss"]
[EventRounds "6"]
[EventCountry "CAN"]
[SourceTitle "hb 2012"]

1. e4 c5 2. c3 Nf6 3. e5 Nd5 4. d4 cxd4 5. Nf3 e6 6. cxd4 d6 7. Bc4 Nc6 8. O-O Be7 9. exd6 Qxd6 10. Nc3 Nxc3 11. bxc3 b6 12. Ng5 Bb7 13. Qg4 h5 14. Qf3 Bxg5 15. Bxg5 Na5 16. Bb5+ Kf8 17. Bf4 Qd5 18. Qxd5 Bxd5 19. Rfc1 Bc4 20. Bd6+ Kg8 21. Ba4 Rc8 22. Bb4 Nc6 23. f3 h4 24. Kf2 f6 25. Bd1 Kf7 26. Ke3 e5 27. dxe5 Nxe5 28. Bb3 Rhe8 29. Kd2 Bxb3 30. axb3 a5 31. Ba3 Rcd8+ 32. Kc2 Nd3 33. Rg1 Re2+ 34. Kb1 Ne1 35. Bc1 Rd1 0-1

[Event "Hamilton Winter op"]
[Site "Hamilton CAN"]
[Date "2011.03.27"]
[Round "5"]
[White "Posaratnanathan, Juliaan"]
[Black "Gashgarian, Robert"]
[Result "1-0"]
[WhiteElo "1884"]
[BlackElo "1979"]
[PlyCount "71"]
[GameId "2160767909787298"]
[EventDate "2011.03.26"]
[EventType "swiss"]
[EventRounds "6"]
[EventCountry "CAN"]
[SourceTitle "hb 2012"]

1. e4 e5 2. Nf3 Nc6 3. Bb5 a6 4. Ba4 Nf6 5. d3 b5 6. Bb3 d5 7. exd5 Nxd5 8. O-O f6 9. d4 e4 10. Re1 f5 11. Bg5 Be7 12. Bxe7 Ncxe7 13. Ne5 O-O 14. Nc3 Be6 15. f3 exf3 16. Nxf3 Qd6 17. Ng5 Rf6 18. Qf3 c6 19. Re5 h6 20. Nxe6 Rxe6 21. Nxd5 Nxd5 22. Bxd5 cxd5 23. Rxd5 Qb4 24. Rb1 Rae8 25. h3 Re3 26. Qxf5 Rf8 27. Qg6 Qe7 28. Rf5 Rd8 29. d5 Qc5 30. Kh1 Rd6 31. Qf7+ Kh7 32. Qf8 Qb6 33. Rf7 Rg6 34. d6 Re2 35. Rg1 Qxd6 36. Rxg7+ 1-0

[Event "Hamilton Winter op U1900"]
[Site "Hamilton CAN"]
[Date "2011.03.26"]
[Round "3"]
[White "Cohen, Daniel"]
[Black "Hassain, Mahmud"]
[Result "1-0"]
[WhiteElo "1715"]
[BlackElo "1899"]
[PlyCount "84"]
[GameId "2160767909787301"]
[EventDate "2011.03.26"]
[EventType "swiss"]
[EventRounds "5"]
[EventCountry "CAN"]
[SourceTitle "hb 2012"]

1. e4 c5 2. d4 cxd4 3. c3 g6 4. cxd4 d5 5. e5 Bg7 6. Nc3 Nc6 7. Bb5 e6 8. Nf3 Nge7 9. Bg5 O-O 10. Qd2 Qb6 11. O-O Nf5 12. Rfd1 h6 13. Bf4 h5 14. h3 Bd7 15. g4 hxg4 16. hxg4 Nfe7 17. Be2 Qb4 18. Kg2 f5 19. a3 Qb3 20. g5 Na5 21. Qc1 Rfc8 22. Nd2 Qb6 23. Be3 f4 24. Bxf4 Qxd4 25. Nf3 Qb6 26. Be3 Qd8 27. Qb1 Nb3 28. Ra2 Nf5 29. Bf4 a5 30. Nb5 Bxb5 31. Bxb5 a4 32. Qd3 Nc5 33. Qe2 Qb6 34. Nd4 Rf8 35. Nxf5 Rxf5 36. Rd4 Raf8 37. Be3 Ne4 38. Rxe4 Rxf2+ 39. Bxf2 Rxf2+ 40. Qxf2 Qxb5 41. Rb4 Qd3 42. Ra1 Bf8 1-0

[Event "Hart House Holidays op U2200"]
[Site "Toronto CAN"]
[Date "2011.12.16"]
[Round "1"]
[White "Derraugh, Geordie"]
[Black "Armstrong, Robert J"]
[Result "1-0"]
[WhiteElo "2129"]
[BlackElo "1724"]
[PlyCount "97"]
[GameId "2160767909573320"]
[EventDate "2011.12.16"]
[EventType "swiss"]
[EventRounds "5"]
[EventCountry "CAN"]

1. e4 g6 2. d4 Bg7 3. Nf3 d6 4. Bd3 Nf6 5. O-O O-O 6. h3 Nc6 7. c3 e5 8. a3 Nd7 9. Be3 h6 10. Qc1 Kh7 11. Qc2 Kh8 12. Rd1 Nb6 13. dxe5 dxe5 14. Bc5 Re8 15. b4 Qf6 16. b5 Ne7 17. Qe2 g5 18. Bxe7 Rxe7 19. Nh2 Qg6 20. g4 Be6 21. Nd2 Rd8 22. Ndf1 Red7 23. Ne3 Na4 24. Rac1 Nc5 25. Bc2 Bb3 26. Bxb3 Nxb3 27. Rxd7 Rxd7 28. Rd1 Qe6 29. Nf5 Nc5 30. Rxd7 Qxd7 31. Nf3 f6 32. Qc4 Ne6 33. Kh2 Nf4 34. a4 Bf8 35. a5 Kh7 36. Ne1 b6 37. axb6 axb6 38. Ng2 Nxg2 39. Kxg2 Bc5 40. Ng3 Kh8 41. Qa2 Qe7 42. Nf5 Qf8 43. Qe6 Bd6 44. Qd7 Kg8 45. Kf1 Kh8 46. Ke1 Kg8 47. f3 Kh8 48. Kd2 Kg8 49. Kd3 1-0

[Event "Hart House Holidays op U2200"]
[Site "Toronto CAN"]
[Date "2011.12.17"]
[Round "2"]
[White "Armstrong, Robert J"]
[Black "Runstedler, Albert"]
[Result "0-1"]
[WhiteElo "1724"]
[BlackElo "1942"]
[PlyCount "60"]
[GameId "2160767909573321"]
[EventDate "2011.12.16"]
[EventType "swiss"]
[EventRounds "5"]
[EventCountry "CAN"]

1. d4 Nf6 2. c4 e6 3. Nf3 d5 4. e3 Be7 5. Bd3 dxc4 6. Bxc4 O-O 7. O-O Nbd7 8. Nc3 c6 9. b3 Qc7 10. Bb2 e5 11. e4 exd4 12. Nxd4 Ne5 13. Qe2 Nxc4 14. Qxc4 Ng4 15. g3 Ne5 16. Qe2 Bg4 17. f3 Bh3 18. Rfd1 Rad8 19. Rac1 Qa5 20. Kh1 h5 21. Nf5 Bb4 22. Ba1 Rxd1+ 23. Nxd1 Rd8 24. Nc3 Rd3 25. f4 Ng4 26. Kg1 Qc5+ 27. Kh1 Nf2+ 28. Kg1 Nxe4+ 29. Kh1 Bxf5 30. Bb2 Rd2 0-1

[Event "Hart House Holidays op U2200"]
[Site "Toronto CAN"]
[Date "2011.12.17"]
[Round "3"]
[White "Bzikot, Robert"]
[Black "Armstrong, Robert J"]
[Result "1-0"]
[WhiteElo "1956"]
[BlackElo "1724"]
[PlyCount "71"]
[GameId "2160767909573322"]
[EventDate "2011.12.16"]
[EventType "swiss"]
[EventRounds "5"]
[EventCountry "CAN"]

1. e4 g6 2. d4 Bg7 3. f4 d6 4. Nc3 Nf6 5. Nf3 O-O 6. e5 dxe5 7. fxe5 Nd5 8. Ne4 Bf5 9. Ng3 Bg4 10. c4 Nb6 11. Bf4 Nc6 12. Be3 f6 13. e6 f5 14. d5 f4 15. Bxb6 axb6 16. Ne4 Nd4 17. Be2 Nxf3+ 18. gxf3 Bf5 19. Qb3 Bxe4 20. fxe4 Qd6 21. Bf3 Qc5 22. O-O-O Qe3+ 23. Kc2 Qxb3+ 24. Kxb3 Ra5 25. a3 Rc5 26. Rc1 b5 27. Kb4 Rxc4+ 28. Kxb5 Rxc1 29. Rxc1 Bxb2 30. Rxc7 Bxa3 31. Rxb7 Kg7 32. e5 Kg8 33. Kc6 Rc8+ 34. Rc7 Rb8 35. d6 exd6 36. exd6 1-0

[Event "Hart House Holidays op U2200"]
[Site "Toronto CAN"]
[Date "2011.12.18"]
[Round "4"]
[White "Armstrong, Robert J"]
[Black "Radpey, Abdolreza"]
[Result "1-0"]
[WhiteElo "1724"]
[BlackElo "1613"]
[PlyCount "81"]
[GameId "2160767909573323"]
[EventDate "2011.12.16"]
[EventType "swiss"]
[EventRounds "5"]
[EventCountry "CAN"]

1. d4 Nf6 2. c4 g6 3. Nc3 Bg7 4. e4 d6 5. f3 O-O 6. Be3 e5 7. Nge2 Nc6 8. d5 Ne7 9. g4 h6 10. Qd2 Kh7 11. h4 Nfg8 12. Ng3 f6 13. O-O-O c5 14. Bh3 g5 15. hxg5 fxg5 16. Bg2 Rf7 17. Bxg5 Qf8 18. Bxh6 Nxh6 19. g5 Kg6 20. Nh5 Nhg8 21. Rh2 Bd7 22. Rdh1 Rf4 23. Ne2 Kxg5 24. Nexf4 exf4 25. Bf1 Kg6 26. Rg1+ Kf7 27. Qxf4+ Bf6 28. Nxf6 Nxf6 29. Qxd6 b6 30. e5 Ne8 31. e6+ Kf6 32. Qf4+ Nf5 33. exd7 Ned6 34. Bd3 Ke7 35. Rh7+ Kd8 36. Qg5+ Ne7 37. Re1 Nf7 38. Qf6 Kxd7 39. Rxf7 Qxf7 40. Qxf7 Re8 41. d6 1-0

[Event "Hart House Holidays op U2200"]
[Site "Toronto CAN"]
[Date "2011.12.18"]
[Round "5"]
[White "Nasir, Pi"]
[Black "Armstrong, Robert J"]
[Result "1-0"]
[WhiteElo "1817"]
[BlackElo "1724"]
[PlyCount "69"]
[GameId "2160767909573324"]
[EventDate "2011.12.16"]
[EventType "swiss"]
[EventRounds "5"]
[EventCountry "CAN"]

1. e4 g6 2. d4 Bg7 3. Nf3 d6 4. Nc3 Nf6 5. h3 O-O 6. Be3 c6 7. Qd2 b5 8. a3 a5 9. Bd3 Bb7 10. O-O Qc7 11. Bh6 Nbd7 12. Bxg7 Kxg7 13. Nh2 b4 14. Nd1 c5 15. dxc5 dxc5 16. f3 Rfd8 17. Qe2 Ne5 18. f4 Nxd3 19. cxd3 Ba6 20. Rf3 Rd4 21. Nf2 c4 22. Qe3 Rad8 23. Rc1 c3 24. bxc3 bxc3 25. e5 Ne8 26. f5 f6 27. fxg6 hxg6 28. Nhg4 g5 29. exf6+ exf6 30. Nxf6 Rf4 31. Nh5+ Kh8 32. Nxf4 gxf4 33. Rxf4 Bxd3 34. Nxd3 Rxd3 35. Qxe8+ 1-0

[Event "Hart House Reading Week op"]
[Site "Toronto CAN"]
[Date "2011.02.19"]
[Round "1"]
[White "Egorov, Mikhail"]
[Black "Lahaye, Rick"]
[Result "0-1"]
[WhiteElo "2114"]
[BlackElo "2389"]
[PlyCount "56"]
[GameId "2160767909804382"]
[EventDate "2011.02.19"]
[EventType "swiss"]
[EventRounds "6"]
[EventCountry "CAN"]
[SourceTitle "EXT 2022"]
[Source "ChessBase"]
[SourceDate "2021.10.06"]
[SourceVersion "1"]
[SourceVersionDate "2021.10.06"]
[SourceQuality "1"]

1. d4 d5 2. c4 c6 3. Nc3 Nf6 4. Nf3 dxc4 5. a4 Bf5 6. Ne5 Nbd7 7. Nxc4 e6 8. f3 Bb4 9. e4 Bg6 10. a5 O-O 11. Be3 Qe7 12. Be2 e5 13. O-O exd4 14. Bxd4 Rfd8 15. Qc2 Nc5 16. Rfd1 Nfxe4 17. Nxe4 Nxe4 18. fxe4 Rxd4 19. Rxd4 Bc5 20. Rad1 Rd8 21. Kh1 Rxd4 22. Rxd4 Bxd4 23. Nd2 Qb4 24. a6 bxa6 25. Qxc6 h6 26. Qc2 Bxb2 27. Bxa6 Bc3 28. Nb1 Bxe4 0-1

[Event "Hart House Reading Week op"]
[Site "Toronto CAN"]
[Date "2011.02.19"]
[Round "1"]
[White "Itkin, David"]
[Black "Vaingorten, Yaaqov"]
[Result "0-1"]
[WhiteElo "2059"]
[BlackElo "2336"]
[PlyCount "41"]
[GameId "2160767909804384"]
[EventDate "2011.02.19"]
[EventType "swiss"]
[EventRounds "6"]
[EventCountry "CAN"]
[SourceTitle "EXT 2022"]
[Source "ChessBase"]
[SourceDate "2021.10.06"]
[SourceVersion "1"]
[SourceVersionDate "2021.10.06"]
[SourceQuality "1"]

1. e4 e6 2. d4 d5 3. Nc3 Bb4 4. exd5 exd5 5. Bd3 c6 6. Nf3 Ne7 7. O-O O-O 8. Ne5 Bf5 9. f4 Nd7 10. Ne2 Nf6 11. c3 Bd6 12. Ng3 Bxd3 13. Qxd3 Nd7 14. Be3 f6 15. Ng4 Nb6 16. Rae1 Qd7 17. h3 Rae8 18. Bc1 Nec8 19. b3 Bc7 20. Ba3 Nd6 21. Nh5 0-1

[Event "Hart House Reading Week op"]
[Site "Toronto CAN"]
[Date "2011.02.19"]
[Round "2"]
[White "Lahaye, Rick"]
[Black "Wu, Kevin"]
[Result "1-0"]
[WhiteElo "2389"]
[BlackElo "2015"]
[PlyCount "69"]
[GameId "2160767909804387"]
[EventDate "2011.02.19"]
[EventType "swiss"]
[EventRounds "6"]
[EventCountry "CAN"]
[SourceTitle "EXT 2022"]
[Source "ChessBase"]
[SourceDate "2021.10.06"]
[SourceVersion "1"]
[SourceVersionDate "2021.10.06"]
[SourceQuality "1"]

1. d4 Nf6 2. Nf3 g6 3. g3 Bg7 4. Bg2 O-O 5. c4 d6 6. Nc3 Nc6 7. O-O e5 8. e3 Nd7 9. b3 f5 10. dxe5 Ndxe5 11. Bb2 Rb8 12. Nd4 Bd7 13. Nd5 a6 14. Nf4 Qe8 15. Bd5+ Kh8 16. Nde6 Nf3+ 17. Qxf3 Bxb2 18. Rab1 Rf6 19. Nxc7 Qd8 20. Nxa6 bxa6 21. Rxb2 Ne5 22. Qe2 Qe8 23. h4 h6 24. Kg2 Kg7 25. Rd1 Ng4 26. Bf3 Bc6 27. Bxc6 Qxc6+ 28. Qf3 Qc5 29. Rbd2 Re8 30. Qb7+ Kh8 31. Qd7 Qe5 32. Rxd6 Rxd6 33. Qxd6 Qe4+ 34. Kg1 Nxe3 35. Qf6+ 1-0

[Event "Hart House Reading Week op"]
[Site "Toronto CAN"]
[Date "2011.02.19"]
[Round "2"]
[White "Sapozhnikov, Roman"]
[Black "Birarov, Vladimir"]
[Result "1-0"]
[WhiteElo "2428"]
[BlackElo "2227"]
[PlyCount "70"]
[GameId "2160767909804390"]
[EventDate "2011.02.19"]
[EventType "swiss"]
[EventRounds "6"]
[EventCountry "CAN"]
[SourceTitle "EXT 2022"]
[Source "ChessBase"]
[SourceDate "2021.10.06"]
[SourceVersion "1"]
[SourceVersionDate "2021.10.06"]
[SourceQuality "1"]

1. e4 c5 2. Nf3 Nc6 3. d4 cxd4 4. Nxd4 Nf6 5. Nc3 e5 6. Ndb5 d6 7. Bg5 a6 8. Na3 b5 9. Nd5 Be7 10. Bxf6 Bxf6 11. c4 b4 12. Nc2 Rb8 13. Qd3 Bg5 14. g3 O-O 15. Bg2 f5 16. exf5 Bxf5 17. Be4 Bh3 18. Bxh7+ Kh8 19. Be4 Qa5 20. b3 Qc5 21. Nce3 Nd4 22. Qd1 g6 23. Bxg6 Nf3+ 24. Ke2 Nd4+ 25. Ke1 Nf3+ 26. Ke2 Kg7 27. Be4 Bg2 28. Nxg2 Nd2 29. Ngf4 exf4 30. Kxd2 fxg3+ 31. Kc2 Rxf2+ 32. Kb1 Re8 33. Qg4 Re5 34. hxg3 Kg8 35. Ne7+ Rxe7 1-0

[Event "Hart House Reading Week op"]
[Site "Toronto CAN"]
[Date "2011.02.21"]
[Round "4"]
[White "Birarov, Vladimir"]
[Black "Plotkin, Victor"]
[Result "1/2-1/2"]
[WhiteElo "2227"]
[BlackElo "2418"]
[PlyCount "99"]
[GameId "2160767909804397"]
[EventDate "2011.02.19"]
[EventType "swiss"]
[EventRounds "6"]
[EventCountry "CAN"]
[SourceTitle "EXT 2022"]
[Source "ChessBase"]
[SourceDate "2021.10.06"]
[SourceVersion "1"]
[SourceVersionDate "2021.10.06"]
[SourceQuality "1"]

1. d4 Nf6 2. c4 e6 3. Nc3 d5 4. Bg5 Be7 5. Nf3 O-O 6. e3 a6 7. Rc1 dxc4 8. Bxc4 b5 9. Bd3 Bb7 10. O-O Nbd7 11. Qe2 h6 12. Bh4 c5 13. Bb1 b4 14. Na4 cxd4 15. exd4 Qa5 16. Nc5 Nxc5 17. dxc5 Rfc8 18. Nd4 Rxc5 19. Nb3 Qb5 20. Bd3 Qc6 21. f3 Rxc1 22. Rxc1 Qd7 23. Nc5 Bxc5+ 24. Rxc5 Rd8 25. Bc2 Rc8 26. Rxc8+ Qxc8 27. Qd3 Qc5+ 28. Bf2 Qd5 29. Qxd5 Nxd5 30. Bc5 f5 31. Bb3 Kf7 32. Bc4 g5 33. b3 a5 34. Kf2 Nc3 35. Bb6 Nxa2 36. Bxa5 Bd5 37. Bxd5 exd5 38. Ke3 Ke6 39. Kd4 Kd6 40. g4 f4 41. Bb6 Kc6 42. Bc5 Nc1 43. Bxb4 Nxb3+ 44. Kc3 Nc5 45. Kd4 Ne6+ 46. Ke5 Nc5 47. Kd4 Ne6+ 48. Ke5 Nc5 49. Kd4 Nb3+ 50. Kc3 1/2-1/2

[Event "Hart House Reading Week op"]
[Site "Toronto CAN"]
[Date "2011.02.21"]
[Round "5"]
[White "Plotkin, Victor"]
[Black "Sapozhnikov, Roman"]
[Result "1/2-1/2"]
[WhiteElo "2418"]
[BlackElo "2428"]
[PlyCount "150"]
[GameId "2160767909804403"]
[EventDate "2011.02.19"]
[EventType "swiss"]
[EventRounds "6"]
[EventCountry "CAN"]
[SourceTitle "EXT 2022"]
[Source "ChessBase"]
[SourceDate "2021.10.06"]
[SourceVersion "1"]
[SourceVersionDate "2021.10.06"]
[SourceQuality "1"]

1. e4 d5 2. exd5 Qxd5 3. Nc3 Qd6 4. Bc4 Nf6 5. Nge2 c6 6. d4 Bf5 7. Bf4 Qb4 8. Bd3 Bxd3 9. Qxd3 e6 10. O-O Nbd7 11. a3 Qb6 12. Rfe1 Be7 13. Ng3 O-O 14. Nf5 exf5 15. Rxe7 Qxb2 16. Ree1 Ne4 17. Nxe4 fxe4 18. Qxe4 Qc3 19. Red1 Nf6 20. Qd3 Nd5 21. Qxc3 Nxc3 22. Rd2 Rad8 23. Kf1 b5 24. Rd3 Na4 25. Bd2 Rd7 26. Rb1 Nb6 27. Bb4 Rfd8 28. Re1 Nc4 29. g4 h6 30. Bc5 a5 31. h3 Kh7 32. Kg2 Rd5 33. Rf3 R5d7 34. Rf5 Kg8 35. Re2 Rc8 36. Rf4 Rcc7 37. Re8+ Kh7 38. Ra8 a4 39. Rf5 Nd6 40. Re5 Rc8 41. Rxc8 Nxc8 42. Kf3 Nd6 43. Bxd6 Rxd6 44. Ke4 g5 45. c3 Kg6 46. f3 Rf6 47. Rc5 Re6+ 48. Re5 Kf6 49. f4 gxf4 50. Rxe6+ Kxe6 51. Kxf4 Kd5 52. h4 Kc4 53. h5 f6 54. Kf5 Kxc3 55. Kxf6 b4 56. g5 bxa3 57. gxh6 a2 58. h7 a1=Q 59. h8=Q a3 60. Qa8 Kxd4 61. Qxc6 a2 62. Qg2 Kc4+ 63. Kf7 Qb1 64. Qe2+ Kb4 65. Qd2+ Kc4 66. Qe2+ Kd4 67. Qf2+ Ke4 68. Qg2+ Kf4 69. Qh2+ Kg5 70. Qg3+ Kh6 71. Qd6+ Kxh5 72. Qh2+ Kg4 73. Qe2+ Kg3 74. Qe3+ Kg2 75. Qe2+ Kg1 1/2-1/2

[Event "Hart House Reading Week op U2200"]
[Site "Toronto CAN"]
[Date "2011.02.19"]
[Round "2"]
[White "Armstrong, Robert J"]
[Black "Brammall, Stuart"]
[Result "0-1"]
[WhiteElo "1750"]
[BlackElo "1971"]
[PlyCount "60"]
[GameId "2160767909804407"]
[EventDate "2011.02.19"]
[EventType "swiss"]
[EventRounds "6"]
[EventCountry "CAN"]

1. d4 d5 2. c4 e6 3. Nf3 Nf6 4. e3 c5 5. Bd3 Nc6 6. O-O Be7 7. cxd5 exd5 8. dxc5 Bxc5 9. Nc3 O-O 10. b3 a6 11. Bb2 Bg4 12. Rc1 Ba7 13. Kh1 Rc8 14. Bb1 Re8 15. Ne2 Ne4 16. Nfd4 Qh4 17. Kg1 Nxd4 18. Rxc8 Rxc8 19. exd4 Bb8 20. g3 Qh5 21. Re1 Nxf2 22. Kxf2 Qxh2+ 23. Ke3 Re8+ 24. Kd2 Bxg3 25. Rh1 Rxe2+ 26. Kc3 Re3+ 27. Bd3 Rxd3+ 28. Qxd3 Qxh1 29. Qxg3 Qf3+ 30. Qxf3 Bxf3 0-1

[Event "Hart House Reading Week op U2200"]
[Site "Toronto CAN"]
[Date "2011.02.20"]
[Round "3"]
[White "Twesigye, Derick"]
[Black "Armstrong, Robert J"]
[Result "1-0"]
[WhiteElo "2080"]
[BlackElo "1750"]
[PlyCount "102"]
[GameId "2160767909804408"]
[EventDate "2011.02.19"]
[EventType "swiss"]
[EventRounds "6"]
[EventCountry "CAN"]

1. e4 g6 2. d4 Bg7 3. Nc3 d6 4. Be3 Nf6 5. h3 O-O 6. Nf3 c6 7. a4 e5 8. dxe5 dxe5 9. Qxd8 Rxd8 10. Bc4 Ne8 11. Ng5 Rd7 12. Ke2 Nd6 13. Bb3 b6 14. Rhd1 Ba6+ 15. Ke1 Nc4 16. a5 h6 17. Bxc4 Bxc4 18. Nf3 b5 19. Nd2 Be6 20. Nb3 Rxd1+ 21. Rxd1 Nd7 22. Rd6 Rc8 23. Bxa7 Bf8 24. Rd1 Ra8 25. Be3 Bb4 26. Bxh6 Bxb3 27. cxb3 Nc5 28. Rd6 Nxb3 29. Rxc6 Rxa5 30. Rc8+ Kh7 31. Be3 Ra2 32. Kd1 Rxb2 33. Nxb5 Nd4 34. Kc1 Re2 35. Nxd4 exd4 36. Bxd4 g5 37. Be3 f6 38. Rc4 Re1+ 39. Kb2 Bd6 40. Rc1 Be5+ 41. Kc2 Re2+ 42. Kd3 Ra2 43. Rc2 Ra4 44. g3 Ra3+ 45. Ke2 Ba1 46. Rc7+ Kg6 47. Rd7 Ra4 48. Rd6 Kg7 49. Rxf6 Ra2+ 50. Kd3 Bb2 51. Rf5 Ra3+ 1-0

[Event "Hart House Reading Week op U2200"]
[Site "Toronto CAN"]
[Date "2011.02.20"]
[Round "4"]
[White "Armstrong, Robert J"]
[Black "Lamb, Bryan"]
[Result "0-1"]
[WhiteElo "1750"]
[BlackElo "2156"]
[PlyCount "34"]
[GameId "2160767909804409"]
[EventDate "2011.02.19"]
[EventType "swiss"]
[EventRounds "6"]
[EventCountry "CAN"]

1. d4 Nf6 2. c4 g6 3. Nc3 Bg7 4. e4 d6 5. f3 O-O 6. Be3 e5 7. Nge2 Nc6 8. d5 Ne7 9. g4 Ne8 10. h4 f5 11. gxf5 h5 12. Rg1 Kh8 13. Qd2 Nxd5 14. exd5 Nf6 15. Ne4 Rg8 16. Rg4 c5 17. Kd1 b5 0-1

[Event "Hart House Reading Week op U2200"]
[Site "Toronto CAN"]
[Date "2011.02.21"]
[Round "5"]
[White "Armstrong, Robert J"]
[Black "Zotkin, Daniel"]
[Result "1/2-1/2"]
[WhiteElo "1750"]
[BlackElo "1698"]
[PlyCount "73"]
[GameId "2160767909804410"]
[EventDate "2011.02.19"]
[EventType "swiss"]
[EventRounds "6"]
[EventCountry "CAN"]

1. d4 d5 2. c4 e6 3. e3 Nf6 4. Nf3 Nbd7 5. Bd3 b6 6. O-O Bd6 7. Nc3 Bb7 8. b3 O-O 9. Bb2 c5 10. Rc1 dxc4 11. bxc4 Ng4 12. d5 Nge5 13. Ne4 Nxf3+ 14. Qxf3 Be5 15. dxe6 Bxb2 16. exd7 f5 17. Nf6+ Qxf6 18. Qxb7 Bxc1 19. Rxc1 Qd6 20. Rd1 Rab8 21. Qxa7 Ra8 22. Qb7 Rxa2 23. g3 Rd8 24. Bc2 Qe6 25. Qc7 Qf6 26. Bxf5 Rxf2 27. Rd6 Qf8 28. Kxf2 Qxf5+ 29. Ke2 Qc2+ 30. Rd2 Qxc4+ 31. Kf2 Qf7+ 32. Kg2 Rf8 33. h4 Qf1+ 34. Kh2 Rf2+ 35. Rxf2 Qxf2+ 36. Kh3 Qf1+ 37. Kh2 1/2-1/2

[Event "Hart House Reading Week op U2200"]
[Site "Toronto CAN"]
[Date "2011.02.21"]
[Round "6"]
[White "Armstrong, Robert J"]
[Black "Su, Stanley"]
[Result "0-1"]
[WhiteElo "1750"]
[BlackElo "1788"]
[PlyCount "56"]
[GameId "2160767909804411"]
[EventDate "2011.02.19"]
[EventType "swiss"]
[EventRounds "6"]
[EventCountry "CAN"]

1. d4 Nf6 2. c4 g6 3. Nc3 Bg7 4. e4 d6 5. f3 c6 6. Be3 a6 7. Nge2 b5 8. g4 h6 9. Ng3 b4 10. Nce2 Qc7 11. g5 hxg5 12. Bxg5 Nbd7 13. Qd2 c5 14. f4 Nb6 15. b3 Bg4 16. Bg2 Rb8 17. Rd1 cxd4 18. Qxd4 Nh5 19. Qd3 f6 20. e5 dxe5 21. Qxg6+ Kf8 22. fxe5 Qxe5 23. O-O Bxe2 24. Rf5 Qxf5 25. Qxf5 Nxg3 26. hxg3 Bxd1 27. Bf4 Rc8 28. c5 Rh5 0-1

[Event "Juste pour jouer"]
[Site "Montreal CAN"]
[Date "2011.10.08"]
[Round "3"]
[White "Lalumiere, Claude"]
[Black "Pregent, Daniel"]
[Result "0-1"]
[WhiteElo "1769"]
[BlackElo "1819"]
[PlyCount "82"]
[GameId "2160767909648073"]
[EventDate "2011.10.07"]
[EventType "swiss"]
[EventRounds "7"]
[EventCountry "CAN"]

1. e4 c5 2. Nf3 d6 3. d4 cxd4 4. Nxd4 Nf6 5. Nc3 a6 6. Bg5 e6 7. f4 Be7 8. Qf3 O-O 9. O-O-O Qc7 10. Bd3 Nbd7 11. g4 b5 12. Bh4 Nc5 13. g5 Nxd3+ 14. Rxd3 Nd7 15. Bg3 Nc5 16. Re3 b4 17. Nd1 Bb7 18. Nf2 Rac8 19. Qd1 Rfd8 20. h4 Qa5 21. Kb1 d5 22. e5 Na4 23. h5 Rc4 24. g6 Rxd4 25. gxh7+ Kh8 26. Qxd4 Bc5 27. Qd3 Bxe3 28. Nd1 d4 29. Rh2 Nc3+ 30. Nxc3 bxc3 31. Be1 Bd5 32. a3 Bxf4 33. Rf2 Bh6 34. Rxf7 Qb5 35. Qxb5 axb5 36. bxc3 dxc3 37. Bxc3 Bc4 38. Bb4 Kxh7 39. Bd6 Rc8 40. Kb2 Bd5 41. Bb4 Rc4 0-1

[Event "Juste pour jouer"]
[Site "Montreal CAN"]
[Date "2011.10.09"]
[Round "4"]
[White "Pregent, Daniel"]
[Black "Turcotte, Jonathan"]
[Result "1/2-1/2"]
[WhiteElo "1819"]
[BlackElo "1973"]
[PlyCount "119"]
[GameId "2160767909648074"]
[EventDate "2011.10.07"]
[EventType "swiss"]
[EventRounds "7"]
[EventCountry "CAN"]

1. d4 d5 2. c4 c6 3. Nf3 Nf6 4. e3 e6 5. Nbd2 Nbd7 6. Bd3 Bd6 7. e4 dxe4 8. Nxe4 Nxe4 9. Bxe4 Nf6 10. Bc2 c5 11. O-O O-O 12. Bg5 cxd4 13. Qd3 g6 14. Qxd4 Be7 15. Rfd1 Qxd4 16. Rxd4 Rd8 17. Rad1 Rxd4 18. Rxd4 Kg7 19. Ba4 h6 20. Bh4 g5 21. Bg3 Kf8 22. Be5 Ne8 23. Rd1 f6 24. Bc3 e5 25. Bd7 Nd6 26. Bxc8 Rxc8 27. Nd2 Ke8 28. b3 a6 29. Bb4 b5 30. Bxd6 Bxd6 31. Ne4 Be7 32. Rc1 bxc4 33. bxc4 Kd7 34. g4 Ke6 35. Ng3 Bc5 36. Nf5 Rb8 37. Rc2 Rb1+ 38. Kg2 a5 39. Nxh6 a4 40. Nf5 a3 41. Ng3 Rb2 42. Re2 Rb4 43. Rc2 Rb2 44. Re2 Bd4 45. Kf3 Rb1 46. Nf5 Bb2 47. Rd2 Ra1 48. Rd6+ Kf7 49. Rd7+ Ke8 50. Rb7 Rxa2 51. Ke4 Bc3 52. Kd5 Rb2 53. Ra7 a2 54. Nd6+ Kf8 55. Ra8+ Ke7 56. Ra7+ Kf8 57. Ra8+ Kg7 58. Nf5+ Kf7 59. Ra7+ Ke8 60. Nd6+ 1/2-1/2

[Event "Juste pour jouer"]
[Site "Montreal CAN"]
[Date "2011.10.09"]
[Round "5"]
[White "Nantel, Felix"]
[Black "Lalumiere, Claude"]
[Result "0-1"]
[WhiteElo "1487"]
[BlackElo "1769"]
[PlyCount "96"]
[GameId "2160767909648075"]
[EventDate "2011.10.07"]
[EventType "swiss"]
[EventRounds "7"]
[EventCountry "CAN"]

1. e4 c5 2. Nf3 Nc6 3. Nc3 g6 4. d4 cxd4 5. Nxd4 Bg7 6. Be3 Nf6 7. Nxc6 bxc6 8. Be2 Qc7 9. Qd2 h6 10. O-O d6 11. h3 Rb8 12. Rfb1 Be6 13. f4 Qc8 14. f5 gxf5 15. exf5 Bxf5 16. Bxa7 Ra8 17. Be3 Rg8 18. g4 Bh8 19. Rf1 h5 20. g5 Bxh3 21. Bd4 e5 22. Rae1 Be6 23. Bb6 d5 24. Kh1 Nd7 25. Be3 d4 26. Bxd4 exd4 27. Ne4 Be5 28. Bxh5 Qc7 29. Nf6+ Nxf6 30. Rxf6 Ke7 31. Qb4+ c5 32. Rxf7+ Bxf7 33. Rxe5+ Kd6 34. Qe1 Bd5+ 35. Kh2 Qg7 36. Rf5 Raf8 37. Qg3+ Kc6 38. Re5 Rf2+ 39. Kh3 Qd7+ 40. Kh4 Rf1 41. g6 Qd8+ 42. Kh3 Rh1+ 43. Kg4 Qd7+ 44. Kg5 Rh3 45. Qf2 Qd6 46. Qf5 Qd8+ 47. Kf4 Qh4+ 48. Bg4 Rf3# 0-1

[Event "Juste pour jouer"]
[Site "Montreal CAN"]
[Date "2011.10.10"]
[Round "6"]
[White "Lalumiere, Claude"]
[Black "Rondon, Luciano"]
[Result "0-1"]
[WhiteElo "1769"]
[BlackElo "1851"]
[PlyCount "64"]
[GameId "2160767909648078"]
[EventDate "2011.10.07"]
[EventType "swiss"]
[EventRounds "7"]
[EventCountry "CAN"]
[SourceTitle "hb 2011"]

1. e4 c5 2. Nf3 e6 3. Nc3 d6 4. d4 cxd4 5. Nxd4 Nc6 6. Be3 Nf6 7. f3 Be7 8. Qd2 O-O 9. g4 d5 10. g5 Nd7 11. exd5 Nxd4 12. Qxd4 Bxg5 13. Rg1 Bf6 14. Qg4 Ne5 15. Qg2 Ng6 16. Bd3 exd5 17. O-O-O Qa5 18. Bd2 d4 19. Ne4 Qxa2 20. Bb4 Be5 21. Kd2 Bf4+ 22. Ke1 Re8 23. Kf1 Qxb2 24. Be1 Be3 25. Bf2 f5 26. Nd6 Re7 27. Nxf5 Bxf5 28. Bxf5 Qb5+ 29. Bd3 Qh5 30. Bxg6 hxg6 31. Bxe3 Rxe3 32. Rxd4 Rxf3+ 0-1